000 00855nam a2200241 a 4500
001 000010574
005 20240530073911.0
008 091008s1994 dr 000 p spa d
040 _aDO-SdBNP
_bspa
_cBNPHU
082 _aRD861.44
_bN714a
100 1 _aNina, Juan B.,
_d1959-
_q(Juan Bautista)
_99246
245 1 0 _aAndrómeda /
_cJuan B. Nina ; prólogo Antonio Acevedo.
260 _aSanto Domingo :
_bGente,
_c1994.
300 _a21 p. ;
_c21 cm.
500 _aIncluye datos biográficos del autor en la contracubierta
590 _aPerteneció a la biblioteca personal de Juan Isidro Jimenes Grullón
590 _aInventariado, 2018/LP
650 0 _aPoesía dominicana
_966
650 0 _aNovela dominicana
_9223
650 0 _aLiteratura dominicana.
_967
700 1 2 _aAcevedo, Antonio,
_epról.
_924327
910 _aValidado. Control de calidad MFF
999 _c10332
_d10332